000
00219nam a22000857a 4500
008
170620b xxu||||| |||| 00| 0 eng d
100
_9
3551
_a
Bhanot. D. P
245
_a
English grammar - 6
260
_a
New Delhi
_b
H. F. I
_c
2009
999
_c
6935
_d
6935